000 00328nam a2200109Ia 4500
008 180517s9999 xx 000 0 und d
020 _a9789814609227
100 _aDuiker, William J.
245 _cSpielvogel, Jackson J.
_aThe essential world history /
260 _aTaguig City:
_bCengage learning
_c2017
300 _aiv, 864 pages
999 _c356420
_d356420